[Event "KEN Nat Team Selection (Women)"]
[Site "Ruaraka"]
[Date "2023.01.20"]
[Round "1"]
[White "Ndirangu, Joyce Nyaruai"]
[Black "Mwendwa, Triza"]
[Result "1-0"]
[WhiteElo "1660"]
[BlackElo "1473"]
[PlyCount "99"]
[EventDate "2023.01.20"]
[EventType "tourn"]
[EventRounds "11"]
[EventCountry "KEN"]
[SourceTitle "CBM 213 Extra"]
[Source "ChessBase"]
[SourceDate "2023.05.31"]
[SourceVersion "1"]
[SourceVersionDate "2023.05.31"]
[SourceQuality "1"]

1. e4 e6 2. d4 d5 3. e5 c5 4. c3 Nc6 5. Nf3 Bd7 6. a3 Be7 7. b4 c4 8. Be2 a5 9. b5 Na7 10. a4 Qc7 11. h4 Nh6 12. Qc2 0-0-0 13. Bf4 Rdf8 14. Nbd2 Nf5 15. h5 Qd8 16. g4 Nh6 17. Rg1 Kb8 18. Nf1 Nc8 19. Ne3 Ka7 20. Qd2 Nb6 21. Bd1 Nc8 22. Bc2 Ng8 23. Qe2 f6 24. Bg3 Nh6 25. Nd2 Nf7 26. f4 Rfg8 27. Kd1 fxe5 28. dxe5 g6 29. hxg6 hxg6 30. Nxd5 exd5 31. e6 Be8 32. exf7 Bxf7 33. Nf3 Bf6 34. Bf2+ Nb6 35. Qd2 Qd6 36. Kc1 Kb8 37. Kb2 Rd8 38. f5 Rh3 39. g5 Rxf3 40. gxf6 gxf5 41. Bd4 Nd7 42. Rae1 Kc8 43. Re7 Bh5 44. Rgg7 Nxf6 45. Rxb7 Nd7 46. Ra7 Qf8 47. Qh2 f4 48. Qxh5 Rg3 49. Qxd5 Rxg7 50. Qb7# 1-0

[Event "KEN-ch (Women)"]
[Site "Nairobi"]
[Date "2022.12.26"]
[Round "2"]
[White "Mwendwa, Triza"]
[Black "Gikandi, Bernice Wambui"]
[Result "1-0"]
[WhiteElo "1466"]
[BlackElo "1182"]
[PlyCount "75"]
[EventDate "2022.12.26"]
[EventType "swiss"]
[EventRounds "9"]
[EventCountry "KEN"]
[SourceTitle "EXT 2024"]
[Source "ChessBase"]
[SourceDate "2023.10.10"]
[SourceVersion "1"]
[SourceVersionDate "2023.10.10"]
[SourceQuality "1"]

1. d4 d5 2. Bf4 Nf6 3. e3 Bf5 4. c4 c6 5. Qb3 Qb6 6. c5 Qxb3 7. axb3 Nbd7 8. Nf3 e6 9. b4 Be7 10. b5 0-0 11. bxc6 bxc6 12. Ba6 Rad8 13. Nbd2 Nb8 14. Bb7 Rd7 15. Rxa7 Na6 16. Ne5 Rc7 17. Nxc6 Rd7 18. Nxe7+ Rxe7 19. Bd6 Rd7 20. Bxf8 Kxf8 21. Ra8+ Ne8 22. Bxa6 Rc7 23. Bb5 Re7 24. 0-0 f6 25. Bxe8 Rxe8 26. Rxe8+ Kxe8 27. c6 Kd8 28. Rc1 e5 29. dxe5 fxe5 30. Nf3 e4 31. Nd4 Bc8 32. b4 Kc7 33. Nb5+ Kb8 34. c7+ Ka8 35. Nd6 Be6 36. b5 Ka7 37. Rc6 Bd7 38. Ra6# 1-0

[Event "Africa-ch U2300 (Women)"]
[Site "Mombasa"]
[Date "2022.12.02"]
[Round "8"]
[White "Albright, Nicole"]
[Black "Mwendwa, Triza"]
[Result "1-0"]
[WhiteElo "1359"]
[BlackElo "1466"]
[PlyCount "82"]
[EventDate "2022.11.27"]
[EventType "swiss"]
[EventRounds "9"]
[EventCountry "KEN"]
[SourceTitle "EXT 2024"]
[Source "ChessBase"]
[SourceDate "2023.10.10"]
[SourceVersion "1"]
[SourceVersionDate "2023.10.10"]
[SourceQuality "1"]

1. e4 e5 2. Nf3 Nf6 3. Nc3 Nc6 4. Bc4 h6 5. d4 Na5 6. Nxe5 Nxc4 7. Nxc4 d6 8. 0-0 d5 9. exd5 Nxd5 10. Re1+ Be6 11. Nxd5 Qxd5 12. Ne3 Qd7 13. d5 0-0-0 14. dxe6 Qxe6 15. Qg4 Kb8 16. Qxe6 fxe6 17. Ng4 Re8 18. Bf4 Bc5 19. Ne5 Kc8 20. Bg3 g5 21. Rad1 h5 22. h3 Rhf8 23. Nd7 Bxf2+ 24. Bxf2 Rf7 25. Ne5 Rf5 26. Rd2 b6 27. Nc6 Kb7 28. Nd8+ Kc8 29. Nxe6 g4 30. hxg4 hxg4 31. Bg3 a5 32. Ng7 Rxe1+ 33. Bxe1 Re5 34. Bg3 Re3 35. Kf2 Re7 36. Nh5 Re8 37. Rd5 Kb7 38. Rg5 Rd8 39. Ke3 Re8+ 40. Kd3 Rd8+ 41. Kc3 Rd4 1-0

[Event "KEN-chT"]
[Site "Nairobi"]
[Date "2019.11.08"]
[Round "26.5"]
[White "Berita, Atemo"]
[Black "Mwendwa, Triza"]
[Result "1/2-1/2"]
[WhiteElo "1344"]
[BlackElo "1229"]
[PlyCount "79"]
[EventDate "2019.02.09"]
[EventType "team-tourn"]
[EventRounds "27"]
[EventCountry "KEN"]
[SourceTitle "CBM 192 Extra"]
[Source "Chessbase"]
[SourceDate "2019.11.06"]
[SourceVersion "1"]
[SourceVersionDate "2019.11.06"]
[SourceQuality "1"]
[WhiteTeam "Stima"]
[BlackTeam "Jomo Kenyatta University"]
[WhiteTeamCountry "KEN"]
[BlackTeamCountry "KEN"]

1. e4 e6 2. Nf3 d5 3. exd5 exd5 4. d4 Nf6 5. Nc3 Bd6 6. Be2 0-0 7. 0-0 Be6 8. Bg5 Nbd7 9. Re1 c6 10. a3 Qc7 11. h3 h6 12. Bxf6 Nxf6 13. Bd3 Rfe8 14. Ne5 Qb6 15. Rb1 Kf8 16. Nf3 Re7 17. Be2 Rae8 18. Qd3 Bd7 19. Nd2 Kg8 20. Nf3 Kf8 21. Nd1 Bxa3 22. Qxa3 Kg8 23. Ne3 Nh5 24. Bd3 a6 25. Qc3 f6 26. b3 Qc7 27. Bf5 Nf4 28. Bxd7 Qxd7 29. Ng4 Ne2+ 30. Rxe2 Rxe2 31. Ne3 Qe7 32. Qd3 Rxe3 33. fxe3 Qxe3+ 34. Qxe3 Rxe3 35. c4 dxc4 36. bxc4 a5 37. Kf2 Rc3 38. Rd1 Rxc4 39. Rb1 b5 40. Ke3 1/2-1/2

[Event "KEN-chT"]
[Site "Nairobi"]
[Date "2019.06.23"]
[Round "19.5"]
[White "Mwendwa, Triza"]
[Black "Wanjiru, Lucy"]
[Result "0-1"]
[WhiteElo "1229"]
[BlackElo "1483"]
[PlyCount "120"]
[EventDate "2019.02.09"]
[EventType "team-tourn"]
[EventRounds "27"]
[EventCountry "KEN"]
[SourceTitle "CBM 192 Extra"]
[Source "Chessbase"]
[SourceDate "2019.11.06"]
[SourceVersion "1"]
[SourceVersionDate "2019.11.06"]
[SourceQuality "1"]
[WhiteTeam "Jomo Kenyatta University"]
[BlackTeam "Deadly Bishops"]
[WhiteTeamCountry "KEN"]
[BlackTeamCountry "KEN"]

1. d4 d5 2. Bf4 Nf6 3. e3 Bf5 4. Bd3 Bxd3 5. cxd3 Nbd7 6. Nf3 e6 7. Nbd2 c6 8. 0-0 Be7 9. Qb3 Qc8 10. Rac1 Nh5 11. Bg3 Nxg3 12. hxg3 h5 13. Ne5 Nxe5 14. dxe5 h4 15. gxh4 Bxh4 16. Nf3 Rb8 17. Qa4 Be7 18. Qg4 g6 19. b4 a6 20. a3 Kd7 21. g3 Rh5 22. Kg2 Qc7 23. Rh1 Rbh8 24. Rxh5 Rxh5 25. Rh1 Rxh1 26. Kxh1 Qb8 27. d4 Qh8+ 28. Kg2 Qh6 29. Qf4 Qxf4 30. gxf4 a5 31. bxa5 Bxa3 32. Nd2 c5 33. dxc5 Bxc5 34. Nb3 Kc6 35. Nxc5 Kxc5 36. Kg3 Kb5 37. Kg4 Kxa5 38. Kg5 b5 39. Kf6 b4 40. Kxf7 b3 41. Kxe6 b2 42. Kf7 b1Q 43. e6 Qf5+ 44. Ke7 Kb6 45. Kd6 Qf8+ 46. Kd7 Qc5 47. e7 Qc7+ 48. Ke6 Qc8+ 49. Kf7 Qf5+ 50. Kg7 Qe6 51. Kh6 Qxe7 52. Kxg6 Qe6+ 53. Kg5 Kc6 54. f5 Qf7 55. f4 Kd6 56. f6 Ke6 57. f5+ Ke5 58. e4 Qxf6+ 59. Kg4 Qg7+ 60. Kh4 Kf4 0-1

[Event "All Africa Games Kenya qual (Women)"]
[Site "Nairobi"]
[Date "2019.02.01"]
[Round "1.7"]
[White "Abur, Lyndah Amollo"]
[Black "Mwendwa, Triza"]
[Result "0-1"]
[WhiteElo "1370"]
[BlackElo "1229"]
[PlyCount "84"]
[EventDate "2019.02.01"]
[EventType "swiss"]
[EventRounds "6"]
[EventCountry "KEN"]
[SourceTitle "EXT 2024"]
[Source "ChessBase"]
[SourceDate "2023.10.10"]
[SourceVersion "1"]
[SourceVersionDate "2023.10.10"]
[SourceQuality "1"]

1. Nf3 Nf6 2. d4 d5 3. c4 Bf5 4. Nc3 e6 5. cxd5 exd5 6. e3 c6 7. Be2 Nbd7 8. 0-0 Bd6 9. Re1 Ne4 10. Nd2 Bxh2+ 11. Kf1 Ndf6 12. Ndxe4 Bxe4 13. Nxe4 Nxe4 14. Bf3 Bd6 15. Qc2 Qe7 16. a3 0-0 17. b4 a6 18. Bb2 Rab8 19. Red1 Rfe8 20. Rac1 h6 21. Ke2 Ng5 22. Rh1 Qf6 23. Rh5 Nxf3 24. gxf3 Qg6 25. Qxg6 fxg6 26. Rh4 Re7 27. Rg1 Kh8 28. Rhg4 g5 29. Rh1 Rf8 30. Rxg5 Bf4 31. Rg4 Rf5 32. Rhg1 Rg5 33. Rxg5 Bxg5 34. Kd3 Bf6 35. a4 g5 36. Bc3 h5 37. b5 cxb5 38. axb5 axb5 39. Rb1 h4 40. Rg1 Kh7 41. Be1 Rg7 42. Kc3 g4 0-1